000 00703nam a2200217Ia 4500
001 8526
003 GE_BSU
008 181216s||||||||xx |||||||||||||| ||und||
040 _cGE_BSU
080 _a821.353.1-31
100 _aზედგინიძე,ელიზბარ.
245 _aრჩეული ორ ტომად.
245 _bტ.1:რომანები.
245 _cრედ:ნ.კანდელაკი,მხატ:გ.წერეთელი
260 _aთბილისი.
260 _bსაბჭ.საქართველო
260 _c1971.
300 _a486გვ;1ფ.პორტრ.21სმ.
653 _aრომანი.
942 _cBK
999 _c41843
_d41843